000 01220nam a2200277 4500
005 20240320204645.0
008 240320b |||||||| |||| 00| 0 eng d
020 _a8475301789
037 _3Donación
040 _aCO-JMCR
_cCO-JMCR
_dCO-JMCR
_erda
041 _aspa
082 _aA-N
_bWHIc
100 _eautor
_aWhite, Patrick
_943571
245 _aEl carro de los elegidos /
_cPatrick White
246 _aRiders in the chariot
260 _aBarcelona
_bEdiciones Orbis, S.A.
_c1966
300 _a463 páginas
_c20 cm
520 _aMosaico de una localidad australiana, Sarsaparrilla, y de cómo se cruzan las vidas de cuatro personas de orígenes muy distintos. En la obra se muestran los efectos que llegan a causar la guerra y el racismo en un espacio tan aparentemente alejado de los grandes conflictos internacionales como puede serlo el territorio australiano
586 _aPremio Nobel de Literatura 1973
650 _2JMCR
_aLiteratura australiana
_ySiglo XX
_943572
650 _2JMCR
_aNovela autraliana
_ySiglo XX
_943573
650 _2JMCR
_aNovela Psicológica
_ySiglo XX
_943574
650 _2JMCR
_aRacismo en la literatura
_943575
700 _aPuerto, Carlos
_eTraductor
_943576
942 _2ddc
_cBK
999 _c30713
_d17097